Detalles MARC
| 000 -LEADER |
| fixed length control field |
02283nam a2200505Ii 4500 |
| 001 - CONTROL NUMBER |
| control field |
DIGXIAGT070 |
| 003 - CONTROL NUMBER IDENTIFIER |
| control field |
NyNyDIG |
| 008 - FIXED-LENGTH DATA ELEMENTS--GENERAL INFORMATION |
| fixed length control field |
140901s2014 sp o 000 0 spa d |
| 006 - FIXED-LENGTH DATA ELEMENTS--ADDITIONAL MATERIAL CHARACTERISTICS |
| fixed length control field |
m o d |
| 007 - PHYSICAL DESCRIPTION FIXED FIELD--GENERAL INFORMATION |
| fixed length control field |
cr ||||||||||| |
| 020 ## - INTERNATIONAL STANDARD BOOK NUMBER |
| International Standard Book Number |
9788416072699 |
| Qualifying information |
(eBook) |
| 020 ## - INTERNATIONAL STANDARD BOOK NUMBER |
| Canceled/invalid ISBN |
9788415472353 |
| Qualifying information |
(Galaxia Gutenberg) |
| 020 ## - INTERNATIONAL STANDARD BOOK NUMBER |
| Canceled/invalid ISBN |
8415472358 |
| Qualifying information |
(Galaxia Gutenberg) |
| 020 ## - INTERNATIONAL STANDARD BOOK NUMBER |
| Canceled/invalid ISBN |
9788467252040 |
| Qualifying information |
(Círculo de Lectores) |
| 020 ## - INTERNATIONAL STANDARD BOOK NUMBER |
| Canceled/invalid ISBN |
8467252049 |
| Qualifying information |
(Círculo de Lectores) |
| 035 ## - SYSTEM CONTROL NUMBER |
| System control number |
(OCoLC)893649498 |
| 040 ## - CATALOGING SOURCE |
| Original cataloging agency |
DGITA |
| Language of cataloging |
eng |
| Description conventions |
rda |
| -- |
pn |
| Transcribing agency |
DGITA |
| 041 1# - LANGUAGE CODE |
| Language code of text/sound track or separate title |
spa |
| Language code of original |
fre |
| 050 14 - LIBRARY OF CONGRESS CALL NUMBER |
| Classification number |
B105.E78 eBook |
| 100 1# - MAIN ENTRY--PERSONAL NAME |
| Personal name |
Flahault, François, |
| Dates associated with a name |
1943- |
| Relator term |
author. |
| 240 10 - UNIFORM TITLE |
| Uniform title |
Crépuscule de Prométhée. |
| Language of a work |
Spanish |
| 245 13 - TITLE STATEMENT |
| Title |
El crepúsculo de Prometeo : |
| Remainder of title |
contribución a una historia de la desmesura humana / |
| Statement of responsibility, etc. |
François Flahault ; traducción de Noemí Sobregués. |
| 250 ## - EDITION STATEMENT |
| Edition statement |
Edición en formato digital. |
| 264 #1 - PRODUCTION, PUBLICATION, DISTRIBUTION, MANUFACTURE, AND COPYRIGHT NOTICE |
| Place of production, publication, distribution, manufacture |
Barcelona : |
| Name of producer, publisher, distributor, manufacturer |
Galaxia Gutenberg : |
| -- |
Círculo de Lectores, |
| Date of production, publication, distribution, manufacture, or copyright notice |
2014. |
| 300 ## - PHYSICAL DESCRIPTION |
| Extent |
1 online resource (204 pages, 8 pages of plates) : |
| Other physical details |
illustrations. |
| 336 ## - CONTENT TYPE |
| Content type term |
text |
| Content type code |
txt |
| Source |
rdacontent |
| 337 ## - MEDIA TYPE |
| Media type term |
computer |
| Media type code |
c |
| Source |
rdamedia |
| 338 ## - CARRIER TYPE |
| Carrier type term |
online resource |
| Carrier type code |
cr |
| Source |
rdacarrier |
| 490 1# - SERIES STATEMENT |
| Series statement |
Serie Ensayo |
| 500 ## - GENERAL NOTE |
| General note |
Translated from the French. Le crépuscule de Prométhée : contribution à une histoire de la démesure humaine. Paris : Mille et une nuits, 2008. |
| 504 ## - BIBLIOGRAPHY, ETC. NOTE |
| Bibliography, etc. note |
Includes bibliographical references. |
| 588 0# - SOURCE OF DESCRIPTION NOTE |
| Source of description note |
Online resource; title from ePub and PDF title page (Digitalia, viewed August 10, 2014) |
| 650 #0 - SUBJECT ADDED ENTRY--TOPICAL TERM |
| Topical term or geographic name entry element |
Excess (Philosophy) |
| 650 #0 - SUBJECT ADDED ENTRY--TOPICAL TERM |
| Topical term or geographic name entry element |
Philosophical anthropology. |
| 650 #0 - SUBJECT ADDED ENTRY--TOPICAL TERM |
| Topical term or geographic name entry element |
Economic development |
| General subdivision |
Moral and ethical aspects. |
| 655 #0 - INDEX TERM--GENRE/FORM |
| Genre/form data or focus term |
Electronic books. |
| 700 1# - ADDED ENTRY--PERSONAL NAME |
| Personal name |
Sobregués, Noemí, |
| Relator term |
translator. |
| 791 2# - |
| -- |
Digitalia (Firm), |
| -- |
distributor. |
| 793 0# - |
| -- |
Digitalia eBook Collection: |
| -- |
Galaxia Gutenberg. |
| 776 08 - ADDITIONAL PHYSICAL FORM ENTRY |
| Relationship information |
Print version: |
| Main entry heading |
Flahault, François. |
| Title |
Crepúsculo de Prometeo : contribución a una historia de la desmesura humana. |
| Place, publisher, and date of publication |
Barcelona : Galaxia Gutenberg : Círculo de Lectores, 2013. |
| International Standard Book Number |
9788415472353 |
| 830 #0 - SERIES ADDED ENTRY--UNIFORM TITLE |
| Uniform title |
Serie Ensayo (Galaxia Gutenberg (Firm)). |
| 856 40 - ELECTRONIC LOCATION AND ACCESS |
| Materials specified |
Digitalia Hispánica |
| Uniform Resource Identifier |
<a href="https://www.digitaliapublishing.com/a/28771/">https://www.digitaliapublishing.com/a/28771/</a> |
| 910 ## - USER-OPTION DATA (OCLC) |
| User-option data |
Premium Collection: 2014 |
| 942 ## - ADDED ENTRY ELEMENTS (KOHA) |
| Koha item type |
Recurso Electrónico |